000 01080nam a22003257a 4500
003 CHAP
005 20220329134352.0
008 971013s1983 r 00010 d
010 _a19474
011 _a20446
035 _a24534
040 _cCHAP
082 _a443.6
_bD53
245 _aDiccionario práctico Larousse; español-francés, francés- español
250 _a5 ed.
260 _aMéxico, D.F. :
_bLarousse,
_c1983
300 _a633 p.
590 _aBATCH-UPD
_b10
_c20130110
_lUCH01
_h1834
590 _aBATCH-UPD
_b10
_c20130410
_lUCH01
_h1205
590 _aBATCH-UPD
_b10
_c20130914
_lUCH01
_h1333
590 _aCONVERSION
_b10
_c20130109
_lUCH01
_h1312
650 1 4 _aEspañol
_xDiccionarios
_xFrancés.
_937728
650 1 4 _aFrancés
_xDiccionarios
_xEspañol.
_943001
700 0 _aGarcía-Pelayo y Gross, Ramón.
_946826
901 _aBK
942 _cLIBRO
949 _a443.6 D53
_bBC
_cC
_d-56513
_eC
_fc.2
_h62428
_i24534
_si
949 _a443.6 D53
_bBC
_cC
_d33724000503637
_eC
_h62427
_i24534
_si
949 _a443.6 D53
_bBC
_cC
_d33724002201611
_eC
_fc.3
_h62429
_i24534
_si
999 _c19474
_d19474